| 000 | 00376nam a2200157Ia 4500 | ||
|---|---|---|---|
| 008 | 230917s9999||||xx |||||||||||||| ||und|| | ||
| 020 | _cRS65 | ||
| 040 |
_e11176 _aMAIN |
||
| 041 | _aEnglish | ||
| 082 | _a519.5 G643A | ||
| 100 | _aGoon, A M | ||
| 245 | 0 | _aOutline of statistical theory | |
| 260 |
_aCalcutta _bThe World Press _c1988 |
||
| 300 | _axiii,516 p. | ||
| 942 | _cBK | ||
| 999 |
_c70172 _d70172 |
||